000 00614nam a22002057a 4500
005 20251108164132.0
008 250721s2001 xx 000 0 ara d
082 1 4 _aم/020.3/شام
100 1 _aالشامي، أحمد محمد
245 1 0 _aحارسة النبع :
_bإنجليزي - عربي /
264 1 _aالقاهرة :
_bالمكتبة الاكاديمية،
_c2001.
300 _a3مج
650 1 7 _aالمكتبات
650 1 7 _aعلم المعاجم
650 1 7 _aالمصطلحات
650 1 7 _aالحواسيب
700 1 _aحسب الله، سيد
942 _2ddc
_cBK
999 _c4528
_d4528